[Event "Wch Seniors 65 26th"]
[Site "Marianske Lazne"]
[Date "2016.11.20"]
[Round "2"]
[White "Strand, Kjetil"]
[Black "Ingham, H William"]
[Result "0-1"]
[WhiteElo "1990"]
[BlackElo "1814"]
[PlyCount "84"]
[EventDate "2016.11.19"]
[EventType "swiss"]
[EventRounds "11"]
[EventCountry "CZE"]
[SourceTitle "CBM 175 Extra"]
[Source "ChessBase"]
[SourceDate "2016.12.12"]
[SourceVersion "1"]
[SourceVersionDate "2016.12.12"]
[SourceQuality "1"]

1. e4 d6 2. d4 Nf6 3. Nc3 c6 4. f4 Qa5 5. Bd3 e5 6. Nf3 Bg4 7. Be3 exf4 8. Bxf4 Qb4 9. Qd2 Bxf3 10. gxf3 Qxd4 11. 0-0-0 Nbd7 12. Be3 Qb4 13. Kb1 0-0-0 14. Rhe1 Nb6 15. a3 Qa5 16. Nd5 Qxd2 17. Nxb6+ axb6 18. Rxd2 b5 19. c4 bxc4 20. Bxc4 Nd7 21. Bxf7 Ne5 22. Be6+ Kc7 23. Rf1 Be7 24. f4 Rhf8 25. Rc1 Nd7 26. b4 Nf6 27. e5 dxe5 28. fxe5 Rxd2 29. Bxd2 Ne4 30. Be3 Rf3 31. Bd4 Rxa3 32. Bb2 Ra4 33. b5 Nc5 34. Bc4 cxb5 35. Bxb5 Rb4 36. Be2 Kb8 37. Rf1 Na4 38. Bd1 Nxb2 39. Kc2 Nxd1 40. Rxd1 Re4 41. Rd5 Kc7 42. Kd3 Re1 0-1

[Event "Politiken Cup 37th"]
[Site "Helsingor"]
[Date "2015.08.01"]
[Round "9"]
[White "Strand, Kjetil"]
[Black "Helin, Mikael"]
[Result "1-0"]
[WhiteElo "2035"]
[BlackElo "1896"]
[PlyCount "97"]
[EventDate "2015.07.25"]
[EventType "swiss"]
[EventRounds "10"]
[EventCountry "DEN"]
[SourceTitle "CBM 167 Extra"]
[Source "ChessBase"]
[SourceDate "2015.09.14"]
[SourceVersion "1"]
[SourceVersionDate "2015.09.14"]
[SourceQuality "1"]

1. e4 c5 2. Nf3 a6 3. d4 cxd4 4. Nxd4 e6 5. Nc3 Qc7 6. g3 Nc6 7. Bg2 Ne5 8. 0-0 h5 9. Bf4 f6 10. Re1 g5 11. Bxe5 fxe5 12. Nf3 Be7 13. Qd3 h4 14. gxh4 g4 15. Nd2 Rxh4 16. Qg3 Nh6 17. Nf3 gxf3 18. Qg6+ Nf7 19. Bxf3 Rh6 20. Qg8+ Bf8 21. Re3 Qd8 22. Qg2 Rh7 23. Bg4 b5 24. Rd1 Bh6 25. Red3 Rg7 26. Kf1 b4 27. Na4 a5 28. Ke1 d6 29. Qh3 Qf6 30. Nb6 Rb8 31. Nc4 d5 32. Rf3 Bf4 33. exd5 Ke7 34. Nxa5 Ng5 35. Nc6+ Kd6 36. dxe6+ Kxc6 37. Rc3+ Kb7 38. Qd3 bxc3 39. Qd5+ Ka7 40. Qa5+ Ba6 41. Rd6 Bd2+ 42. Kd1 Rxb2 43. Rxa6+ Kb7 44. Ra7+ Kc6 45. Qa6+ Kd5 46. Qd3+ Kc6 47. Qc4+ Kd6 48. Ra6+ Ke7 49. Qc7+ 1-0

[Event "Politiken Cup 37th"]
[Site "Helsingor"]
[Date "2015.07.30"]
[Round "7"]
[White "Strand, Kjetil"]
[Black "Bjornes, Leif"]
[Result "0-1"]
[WhiteElo "2035"]
[BlackElo "1867"]
[PlyCount "102"]
[EventDate "2015.07.25"]
[EventType "swiss"]
[EventRounds "10"]
[EventCountry "DEN"]
[SourceTitle "CBM 167 Extra"]
[Source "ChessBase"]
[SourceDate "2015.09.14"]
[SourceVersion "1"]
[SourceVersionDate "2015.09.14"]
[SourceQuality "1"]

1. e4 c6 2. d4 d5 3. exd5 cxd5 4. c4 Nf6 5. Nc3 g6 6. cxd5 Nxd5 7. Qb3 e6 8. Nf3 Bg7 9. Bg5 Qa5 10. Bc4 Nb6 11. Bb5+ Bd7 12. Bd2 0-0 13. a4 Nc8 14. Rc1 Qd8 15. 0-0 Nc6 16. Bg5 Qb6 17. Be3 Qd8 18. Rfd1 Na5 19. Qb4 Nc6 20. Qb3 a6 21. Be2 N8e7 22. d5 exd5 23. Nxd5 Nxd5 24. Qxd5 Be6 25. Qe4 Qa5 26. h3 Rfd8 27. Qc2 Bf5 28. Qb3 Qb4 29. Qxb4 Nxb4 30. Rc7 Rxd1+ 31. Bxd1 b5 32. Bb3 Be6 33. Bxe6 fxe6 34. axb5 axb5 35. Nd4 Ra1+ 36. Bc1 Bxd4 37. Rc8+ Kf7 38. Kh2 Nd3 39. Bg5 Be5+ 40. g3 Nxf2 41. Rc5 Bxg3+ 42. Kg2 Ne4 43. Rxb5 Nxg5 44. Rxg5 Bf4 45. Rb5 h5 46. Rb7+ Kf6 47. h4 Ra8 48. Kf3 Rb8 49. Rxb8 Bxb8 50. b4 Kf5 51. b5 Bc7 0-1

[Event "NOR-ch Seniors-A"]
[Site "Oslo"]
[Date "2015.07.09"]
[Round "7"]
[White "Rognes, Sven Erik"]
[Black "Strand, Kjetil"]
[Result "0-1"]
[WhiteElo "1760"]
[BlackElo "1962"]
[PlyCount "120"]
[EventDate "2015.07.04"]
[EventType "swiss"]
[EventRounds "9"]
[EventCountry "NOR"]
[SourceTitle "EXT 2017"]
[Source "ChessBase"]
[SourceDate "2016.10.25"]
[SourceVersion "1"]
[SourceVersionDate "2016.10.25"]
[SourceQuality "1"]

1. e4 e5 2. Nc3 Bc5 3. Bc4 Nf6 4. d3 Nc6 5. Bg5 Na5 6. Qe2 Nxc4 7. dxc4 Bb4 8. Qd3 d6 9. Nge2 Bg4 10. f3 Be6 11. 0-0-0 h6 12. Be3 0-0 13. g4 Nd7 14. Ng3 c6 15. Nf5 Qa5 16. Nxd6 Nc5 17. Bxc5 Qxc5 18. a3 Qxd6 19. Qxd6 Bxd6 20. Rxd6 Bxc4 21. Rd7 Rab8 22. Rhd1 Rfe8 23. b3 Be6 24. R7d6 Rbc8 25. Kb2 Kf8 26. Ne2 Ke7 27. c4 b6 28. Kc3 Rc7 29. R6d2 Rb8 30. h3 a5 31. b4 Ra8 32. bxa5 Rxa5 33. Kb4 Rca7 34. Rd3 Ra4+ 35. Kc3 Rxa3+ 36. Kd2 Ra2+ 37. Ke3 Bxc4 38. R3d2 Bxe2 39. Kxe2 R7a3 40. Kf2 Rd3 41. Rxa2 Rxd1 42. Ra7+ Rd7 43. Ra6 Rb7 44. h4 Kd6 45. Ke3 Kc5 46. Ra1 b5 47. Rc1+ Kb6 48. f4 f6 49. f5 b4 50. Kd3 Rd7+ 51. Kc2 Rd4 52. Re1 c5 53. g5 hxg5 54. hxg5 c4 55. Rg1 Kc5 56. gxf6 gxf6 57. Rg6 Rd6 58. Rg8 Kd4 59. Rc8 b3+ 60. Kb2 Ra6 0-1

[Event "NOR-ch Seniors-A"]
[Site "Oslo"]
[Date "2015.07.06"]
[Round "3"]
[White "Hanssen, Johnny"]
[Black "Strand, Kjetil"]
[Result "0-1"]
[WhiteElo "1684"]
[BlackElo "1962"]
[PlyCount "55"]
[EventDate "2015.07.04"]
[EventType "swiss"]
[EventRounds "9"]
[EventCountry "NOR"]
[SourceTitle "EXT 2017"]
[Source "ChessBase"]
[SourceDate "2016.10.25"]
[SourceVersion "1"]
[SourceVersionDate "2016.10.25"]
[SourceQuality "1"]

1. e4 e5 2. Nf3 Nc6 3. c3 d5 4. Qa4 Nf6 5. Nxe5 Bd6 6. Nxc6 bxc6 7. Qxc6+ Bd7 8. Qa6 Nxe4 9. Bb5 0-0 10. Bxd7 Qxd7 11. 0-0 Qe6 12. g3 Qh3 13. d3 Nxg3 14. fxg3 Rae8 15. d4 Bxg3 16. hxg3 Qxg3+ 17. Kh1 Re4 18. Bf4 Rxf4 19. Rxf4 Qxf4 20. Qe2 Qc1+ 21. Kg2 Rb8 22. b3 Qg5+ 23. Kh2 Kf8 24. Qg2 Qh4+ 25. Qh3 Qf4+ 26. Qg3 Qc1 27. Qg2 Rb6 28. Qxd5 0-1

[Event "NOR-ch Seniors-A"]
[Site "Oslo"]
[Date "2015.07.05"]
[Round "2"]
[White "Strand, Kjetil"]
[Black "Nygaard, Eddy"]
[Result "1/2-1/2"]
[WhiteElo "1962"]
[BlackElo "1759"]
[PlyCount "161"]
[EventDate "2015.07.04"]
[EventType "swiss"]
[EventRounds "9"]
[EventCountry "NOR"]
[SourceTitle "EXT 2017"]
[Source "ChessBase"]
[SourceDate "2016.10.25"]
[SourceVersion "1"]
[SourceVersionDate "2016.10.25"]
[SourceQuality "1"]

1. e4 c5 2. Nf3 e6 3. d4 cxd4 4. Nxd4 a6 5. Nc3 Nc6 6. g3 Qc7 7. Bg2 d6 8. 0-0 Nge7 9. Nb3 Bd7 10. f4 Rc8 11. Be3 b5 12. Qd2 Ng6 13. a4 b4 14. Ne2 Be7 15. a5 0-0 16. Bb6 Qb8 17. Nbd4 Nxd4 18. Nxd4 Bd8 19. Qxb4 Ne7 20. c3 Nc6 21. Nxc6 Bxc6 22. Rfd1 Qb7 23. Rd2 Rb8 24. Be3 Qxb4 25. cxb4 Be7 26. Rc1 Bb5 27. Rc7 Rfe8 28. Bd4 Kf8 29. Bc3 Rbc8 30. Ra7 Ra8 31. Rxa8 Rxa8 32. e5 d5 33. f5 Rb8 34. fxe6 fxe6 35. Rf2+ Ke8 36. Rf4 Bg5 37. Rg4 Be3+ 38. Kh1 g6 39. Bd4 Bxd4 40. Rxd4 Bc4 41. Kg1 Kd7 42. b3 Bb5 43. Bh3 Ke7 44. Rf4 Bd7 45. Bf1 Bb5 46. Bxb5 Rxb5 47. Kf2 g5 48. Rd4 Kf7 49. h4 h6 50. h5 Ke7 51. Ke3 Kf7 52. Kd3 Ke7 53. Kc3 Kf7 54. Rd3 Ke7 55. Rf3 d4+ 56. Kxd4 Rxb4+ 57. Kc3 Re4 58. Rf6 Rxe5 59. Rxh6 Re3+ 60. Kc4 Kd6 61. Rh8 Rxg3 62. h6 Rg4+ 63. Kc3 Rh4 64. h7 Ke5 65. b4 g4 66. b5 g3 67. b6 g2 68. Rg8 Rxh7 69. Rxg2 Kd6 70. Rb2 Rb7 71. Kd4 e5+ 72. Ke4 Ke6 73. Rh2 Rg7 74. Rh6+ Kd7 75. Kd5 e4 76. Kxe4 Rg5 77. Kd4 Rxa5 78. b7 Kc7 79. Rh7+ Kb8 80. Kc4 Rb5 81. Rg7 1/2-1/2